Statistics for Gavin and Stacey Quotes

Click here to take the quiz!

General Stats

  • This quiz has been taken 310 times
  • The average score is 16 of 21

Answer Stats

HintAnswer% Correct
Where's the salad? THERE'S the salad! Now leave me alone!Doris
95%
I'm not being funny Stacey, but you want to get a life. What you just said was really boring.Pam
94%
I need to take my mind off the fact that I'm pregnant by a man I can't stand.Nessa
90%
Prepare to be knighted with my special sword.Mick
86%
Lights will gui-i-i-ide you home, and igni-i-ite your bones.Pete
83%
I hadn't picked up a trumpet in 17 years. Jools Holland and the Big Band were in town 1 night, they fancied a jam. Before I know it I'm up there playing the Boogie Woogie Bugle Boy.Nessa
82%
Oh give it a rest, you leek-munching sheep shagger!Pam
82%
You've gone down in my estimations if truth be told.Nessa
81%
I'm so ravenous I can barely see.Smithy
79%
No-one wants this marriage to fail more than I do.Smithy
78%
Well no, not nothing. A kiss, a cuddle, a cheeky finger, just don't go selling him the whole farm.Doris
76%
Will you just look at yourselves?Bryn
75%
Oh take a look in the mirror, you pre-op!Dawn
75%
Worst thing I ever did, becoming a mother.Doris
74%
Ours is not to question while.Pam
70%
Shall we go somewhere, and have it off?Pete
65%
How's my little gingerbread man?Dawn
59%
The secrets, the lies, the manipulation..Dawn
57%
I imagine you're a satisfied customer!Doris
55%
No Sandra!Bryn
52%
I could have brought the waiter in to consummate the marriage, she wouldn't have known.Pete
51%

Score Distribution

Percentile by Number Answered

Percent of People with Each Score

Your Score History

You have not taken this quiz